عرض عادي
عرض مارك
- English language
مدخل مصطلح موضوعي
001 - رقم الضبط
- حقل الضبط: 49786
003 - معرف رقم الضبط
- حقل الضبط: OSt
005 - تاريخ ووقت أخر عملية
- حقل الضبط: 20150729015723.0
008 - عناصر بيانات ثابتة الطول
- حقل تحكم ثابت الطول: 150729|| aca||aabn | a|a d
040 ## - مصدر الفهرسة
- هيئة الفهرسة الأصلية: OSt
- وكالة الكتابة: OSt
150 ## - مدخل-- مصطلح تاريخي
- عنصر مدخل المصطلح الموضوعي او الاسم الجغرافي: English language
- تفريع عام: Grammar
- تفريع شكلي: Handbooks, manuals, etc.
670 ## - بيانات المصدر موجوده
- الاستشهاد بالمصدر: Work cat.: (OSt): Aaron, Jane E. 49785, The Little, Brown compact handbook :, 2014.
